| 000 | 00688nam a2200253 a 4500 | ||
|---|---|---|---|
| 999 |
_c8275 _d8275 |
||
| 001 | 8275 | ||
| 003 | BD-JhCC | ||
| 005 | 20180220122550.0 | ||
| 008 | 180220s2007 i a|||| || | 001 0 eng d | ||
| 020 | _a8120329678 | ||
| 035 | _a(BD-JhCC)8275 | ||
| 040 |
_aBD-JhCC _dBD-JhCC |
||
| 041 | _aeng | ||
| 082 |
_a621.3815 _bBOY 2007 |
||
| 100 | _aBoylestad, Robert L. | ||
| 245 |
_aElectronic Devices and Circuit Theory / _cRobert L.Boylestad and Louis Nashelsky |
||
| 250 | _a9th ed. | ||
| 260 |
_aNew Delhi : _bPearson prentice Hall, _c2007. |
||
| 300 |
_a896 p. : _bill. ; _c24 cm. |
||
| 504 | _aIncludes Index | ||
| 650 | _aElectronic Circuits | ||
| 942 |
_2ddc _cBK |
||